Missing Word: 4-Letter A-Z Quiz Stats

 Plays Quiz Updated Feb 28, 2015

Challenge
Share
Tweet
Embed
Score 0/26 Timer 03:00
0 Plays Today
Hint Missing Word % Correct
____ to the Future (Movie)Back
99.3%
____ Poppins (Musical)Mary
98.3%
Finding ____ (Movie)Nemo
98%
____ with the Wind (Novel)Gone
97.5%
Head ____ Heels (Idiom)Over
97.1%
Don't ____ Believin' (Song)Stop
96.9%
Garden of ____ (Place)Eden
96.3%
Don't Count ____ Chickens Before they Hatch (Idiom)Your
95.8%
____ Ferrell (Celebrity)Will
95.7%
Texas ____ 'em (Game)Hold
93.2%
The Lord of the Rings: The Fellowship of the ____ (Novel)Ring
92.8%
Hyde ____, London, England (Place)Park
90.2%
____ of Green Gables (Novel)Anne
89.7%
Hint Missing Word % Correct
We Didn't Start the ____ (Song)Fire
89.7%
____ or No ____? (TV Show)Deal
88.5%
____ Dark Thirty (Movie)Zero
88.5%
American ____ (TV Show)Idol
85.6%
Billie Jean ____ (Celebrity)King
85.4%
Bennie and the ____ (Song)Jets
82.1%
The Game of ____ (Game)Life
80.5%
The Million Second ____ (TV Show)Quiz
74.7%
____ Specs (Item)X-Ray
71.4%
Mario and Luigi: Partners in ____ (Game)Time
71.1%
____ the Impaler (Historical Figure)Vlad
70.1%
____ Mountain Range (Place)Ural
56.1%
Empress Dowager ____ (Historical Figure)Cixi
9.8%

Today's Daily Dose

Missing Word
Hayao Miyazaki

Word Ladder
Florida

On This Day
December 13th II

You're not logged in!

Compare scores with friends on all Sporcle quizzes.
OR
Log In

You Might Also Like...

Show Comments

Extras

Top Quizzes Today


Score Distribution

Your Account Isn't Verified!

In order to create a playlist on Sporcle, you need to verify the email address you used during registration. Go to your Sporcle Settings to finish the process.

Report this User

Report this user for behavior that violates our Community Guidelines.

Details: